000 00338nam a2200133Ia 4500
005 20251222143143.0
008 251222s9999||||xx |||||||||||||| ||spa||
020 _a9.7861242851e+012
082 _a174.4/R41
245 0 _aÉtica para los Tiempos:
250 _a1ra. ed.
264 _bGráfica Industrial Alarcón SRLtda.
942 _cLIB
999 _c12382
_d12382